1207 1293 1397 1851 1530 1473 1029 1785 1424 1504 1785 1966 1011 1077 1762 1309 1362 1508 1001 1140 1339 1779 1614 1786 1898 1493 1997 1946 1869 1788 1866 1599 1699 1987 1466 1233 1740 1174 1574 1391 1249 1155 1344 1253 1123 1844 1137 1216 1549 1538 1328 1820 1783 1422 1955 1830 1699 1449 1085 1255 1744 1198 1540 1718 1617 1104 1027 1013 1919 1167 1248 1077 1982 1990 1229 1277 1342 1854 1889 1973 1828 1451 1000 1666 1899 1793 1832 1094 1396 1881 1328 1597 1632 1553 1021 1026 1601 1705 1942 BCNSPRNW ULIB Ver.6.0+V

เปลี่ยนเป็นภาษาไทย

Change to English
 แสดงรายละเอียดบรรณานุกรม
  กลับหน้าหลัก

Brief Record : Get Marc (ISO 2709) : E-mail record : QR code < ปิดหน้าต่าง
LEADER : 00000nam 2200000uu 4500
001    13399120456
003     ULIB
008    120920s2550||||th 000 0 tha d
020    ^a9749453557
041 1  ^atha^heng
060 04 ^aWB100^bด897ค
100 1  ^aเคลย์ตัน, เดวิด เจ
245 10 ^aคู่มือรักษาชีวิตสำหรับผู้ที่ใช้ชีวิตแบบไม่ใส่ใจสุขภาพ =^bThe healthy guide to unhealthy living /^cDavid J. Clayton และ Laura Vandekarn เขียน ; มิเชลล์ ชีเกรฟ เดลี่ แปล
246 31 ^aHealthy guide to unhealthy living
260    ^aกรุงเทพฯ :^bตะวันส่อง,^c2550
300    ^a314 หน้า ;^c21 ซม.
650  7 ^aการดูแลสุขภาพด้วยตนเอง
650  7 ^aพฤติกรรมสุขภาพ
650  7 ^aสุขภาพ
700 1  ^aเดลี่, มิเชลล์ ซีเกรฟ,^eผู้แปล
700 12 ^aClayton, David J.^tThe healthy guide to unhealthy living
700 12 ^aVandekarn, Laura.^tThe healthy guide to unhealthy living
945    ^p0^l0^i14344
995    ^aกัณชพร
999 ^a ใช้งานได้ทุกระบบ
รายการนี้ยังไม่มีแท็ก
คุณยังไม่ได้ล็อกอิน คุณสามารถมีกิจกรรมร่วมกับเว็บไซต์ได้ แต่ต้องล็อกอินก่อน ::
  ล็อกอิน

รายการสื่อสารสนเทศ

ลำดับที่ ประเภท เลขเรียก/บาร์โค้ด สถานที่ สถานะ
1. วิทยาศาสตร์การแพทย์ และสุขภาพ
วิทยาศาสตร์การแพทย์ และสุขภาพ
WB100 ด897ค  
  Barcode: 14344
ห้องสมุดวิทยาเขตนครสวรรค์
►หนังสือทั่วไป:l:General Books
บนชั้น

รายการใกล้เคียง
    หัวเรื่อง [การดูแลสุขภาพด้วยตนเอง]
    หัวเรื่อง [พฤติกรรมสุขภาพ]
    หัวเรื่อง [สุขภาพ]

BibComment


ยังไม่เคยถูกคอมเมนท์

คอมเมนท์ทรัพยากรรายการนี้
  คอมเมนท์: คู่มือรักษาชีวิต..


 Copyright 2026. Bcnsprnw @Library